000 01708nam a2200277Ia 4500
003 CO-CtgCURN
005 20250410221009.0
008 190723s2016 xx 000 0 spa d
020 _a9789583511165
040 _aCO-CtgCURN
_bspa
_ccoctgcurn
082 _a346.022
_bO77m
100 _aOrtiz Monsalve, Alvaro
_eautor
_94958
245 0 _aManual de obligaciones /
_cAlvaro Ortiz Monsalve
250 _a7 edición
260 _aBogotá, Colombia :
_bEditorial Temis,
_c2016
300 _a169 páginas ;
_c22 centímetros
504 _aIncluye referencias bibliográficas (p. [167]-169)
505 _aObligacion o derecho personal o credito -- Clasificacion de las obligaciones e importancia practica -- Las fuentes de la obligaciones -- El negocio jurídico -- La declaracion de voluntad -- Vicios de la declaracion de voluntad y violacion a los derechos del consumidor -- ¿Como se forma el consentimiento? -- La capacidad -- Objeto y cauda licitos -- Efectos de los negocios en general y de los contratos en particular -- Interpretacion del negocio (y de los contratos) -- El hecho ilicito (la responsabilidad) -- La responsabilidad extracontractual en el código civil -- Responsabilidad contractual en el código civil y en el estatuto del consumidor (por violacion de los derechos de credito) -- Transmision de las obligaciones -- Extinsion de las obligaciones
521 _aAREA PROFESIONAL
590 _aPrograma de Derecho_18
650 _aDerecho civil
_94959
650 _aDerecho comercial
_94960
942 _cBK
_h346.022
_iO77m
_012
_2ddc
_n0
999 _c29196
_d29196